Computer system architecture / (Record no. 17564)
[ view plain ]
| 000 -LEADER | |
|---|---|
| fixed length control field | 00704 am a22002418a 4500 |
| 001 - CONTROL NUMBER | |
| control field | 011296741 |
| 005 - DATE AND TIME OF LATEST TRANSACTION | |
| control field | 20130929133640.0 |
| 008 - FIXED-LENGTH DATA ELEMENTS--GENERAL INFORMATION | |
| fixed length control field | 930217s1993 enk || 000 ||eng |
| 020 ## - INTERNATIONAL STANDARD BOOK NUMBER | |
| International Standard Book Number | 0131757385 (pbk) : |
| 020 ## - INTERNATIONAL STANDARD BOOK NUMBER | |
| International Standard Book Number | 9780131757387 |
| 082 04 - DEWEY DECIMAL CLASSIFICATION NUMBER | |
| Classification number | 004.2 |
| Edition number | 22 |
| Item number | MAN |
| 100 1# - MAIN ENTRY--PERSONAL NAME | |
| Personal name | Mano, M. Morris, |
| Dates associated with a name | 1927- |
| 9 (RLIN) | 33783 |
| 245 10 - TITLE STATEMENT | |
| Title | Computer System Architecture / |
| Statement of responsibility, etc | M. Morris Mano. |
| 250 ## - EDITION STATEMENT | |
| Edition statement | 3Rev.ed. |
| 260 ## - PUBLICATION, DISTRIBUTION, ETC. (IMPRINT) | |
| Place of publication, distribution, etc | New Jersey : |
| Name of publisher, distributor, etc | Prentice-Hall, |
| Date of publication, distribution, etc | 1993. |
| 300 ## - PHYSICAL DESCRIPTION | |
| Extent | [576]p. ; |
| Dimensions | 24cm. |
| 500 ## - GENERAL NOTE | |
| General note | Previous ed.: 1982. |
| 500 ## - GENERAL NOTE | |
| General note | Bibliography: p514. -Includes index. |
| 590 ## - LOCAL NOTE (RLIN) | |
| Local note | Previous ed.: 1982 |
| 650 #0 - SUBJECT ADDED ENTRY--TOPICAL TERM | |
| Topical term or geographic name as entry element | Computer architecture. |
| 9 (RLIN) | 33784 |
| 653 1# - INDEX TERM--UNCONTROLLED | |
| Resource For college | |
| Arrived date list | September2013 |
| 942 ## - ADDED ENTRY ELEMENTS (KOHA) | |
| Source of classification or shelving scheme | Dewey Decimal Classification |
| Item type | Book - Borrowing |
| Withdrawn status | Item status | Source of classification or shelving scheme | Damaged status | Not for loan | Vendor | Home library | Current library | Shelving location | Date acquired | Source of acquisition | Total Checkouts | Full call number | Barcode | Date last seen | Koha item type | Total Renewals | Date last borrowed |
|---|---|---|---|---|---|---|---|---|---|---|---|---|---|---|---|---|---|
| Dewey Decimal Classification | Baccah | Central Library | Central Library | Lower Floor | 29/09/2013 | 004.2 MAN | 000029042 | 15/07/2025 | NB - Book (Non borrowing) | ||||||||
| Dewey Decimal Classification | Baccah | Central Library | Central Library | Lower Floor | 29/09/2013 | 2 | 004.2 MAN | 000029043 | 15/07/2025 | Book - Borrowing | 7 | 03/01/2019 | |||||
| Dewey Decimal Classification | Baccah | Central Library | Central Library | Lower Floor | 29/09/2013 | 2 | 004.2 MAN | 000029044 | 15/07/2025 | Book - Borrowing | 12 | 05/12/2020 | |||||
| Dewey Decimal Classification | Baccah | Central Library | Central Library | Lower Floor | 29/09/2013 | 5 | 004.2 MAN | 000029045 | 15/07/2025 | Book - Borrowing | 41 | 17/11/2021 | |||||
| Dewey Decimal Classification | Baccah | Central Library | Central Library | Lower Floor | 29/09/2013 | 2 | 004.2 MAN | 000029046 | 15/07/2025 | Book - Borrowing | 17 | 23/09/2019 | |||||
| Dewey Decimal Classification | Baccah | Central Library | Central Library | Lower Floor | 29/09/2013 | 3 | 004.2 MAN | 000029047 | 15/07/2025 | Book - Borrowing | 22 | 18/02/2020 | |||||
| Dewey Decimal Classification | Baccah | Central Library | Central Library | Lower Floor | 29/09/2013 | 1 | 004.2 MAN | 000029048 | 15/07/2025 | Book - Borrowing | 16 | 27/09/2017 | |||||
| Dewey Decimal Classification | Baccah | Central Library | Central Library | Lower Floor | 29/09/2013 | 1 | 004.2 MAN | 000029049 | 15/07/2025 | Book - Borrowing | 07/11/2019 | ||||||
| Dewey Decimal Classification | Central Library | Central Library | Lower Floor | 19/03/2018 | 004.2 MAN | 000047456 | 15/07/2025 | Book - Borrowing |